| 000 | 00860nam a22002891a 4500 | ||
|---|---|---|---|
| 001 | 16740 | ||
| 003 | BD-RjUL | ||
| 005 | 20211209000039.0 | ||
| 008 | 140215r19681963enk b 001 0 eng | ||
| 035 | _a(BD-RjUL)16795 | ||
| 035 | _a(OCoLC)261396 | ||
| 040 |
_aDLC _cODaWU _dOCoLC _dMoSU-L _dUk _dDLC _dBD-RjUL _beng |
||
| 041 | _aeng | ||
| 082 |
_a309.26 _bJAS 1968 |
||
| 100 | 1 |
_aJackson, John N. _951704 |
|
| 245 | 1 | 0 |
_aSurveys for town and country planning / _cJohn N. Jackson. |
| 260 |
_aLondon : _bHutchinson University Library, _cc1963 [Reprinted 1968]. |
||
| 300 |
_a192 p. ; _c19 cm. |
||
| 490 | 1 | _aGeography | |
| 504 | _aIncludes bibliographies and index. | ||
| 650 | 0 |
_aCity planning. _951705 |
|
| 650 | 0 |
_aLand use. _951706 |
|
| 830 | 0 |
_aHutchinson university library. _951709 |
|
| 942 |
_2ddc _cBK |
||
| 999 |
_c16740 _d16740 |
||